00461nam a2200157Ia 450000500170000000800410001708200130005810000240007124500320009526000250012730000130015265000180016594200060018395200990018999900150028820250318064836.0240331s9999 xx 000 0 und d bKARa894 aKarunakaramoorthy,  0aKilakku nokki sila mekangal aChennaibSnehac1996 a131 p ., aShort Stories cL 001040708LaWERCLbWERCLcSSCd2024-03-31l0o 894.811 KARp2152r2024-03-31w2024-03-31yL c4005d4005